000 00790cab a2200241 4500
001 WB3434-40
008 090401t1998 xxu||||| |||| 00| 0 eng d
035 _a(Sirsi) u88397
041 _aeng
245 _aConstruction back to school
260 _c1998
350 _a0
490 _aCSM
_bChartered Surveyor Monthly
_v8(1) September 1998, 12(1)
520 _aThe Construction Industry Training Board has launched a campaign aimed at graduates to develop presentation skills to promote the industry in schools.
650 _aCAREER DEVELOPMENT
650 _aCITB
650 _aCONSTRUCTION INDUSTRY TRAINING BOARD
650 _aPRESENTATION SKILLS
650 _aSCHOOLS
690 _aMANAGEMENT-BUSINESS MANAGEMENT-PROFESSIONAL PRACTICE
942 _n0
948 _c10/09/1998
999 _c55835
_d55835